Taylor Swift 33 - Statistics

General Stats
  • This quiz has been taken 36 times
    6 since last reset
  • The average score is 384 of 453
Answer Stats
Answer % Correct
a
100%
about
100%
and
100%
but
100%
can
100%
can't
100%
did
100%
do
100%
don't
100%
get
100%
go
100%
her
100%
him
100%
home
100%
I
100%
in
100%
it
100%
it's
100%
know
100%
like
100%
me
100%
my
100%
saw
100%
says
100%
so
100%
the
100%
think
100%
to
100%
up
100%
want
100%
was
100%
what
100%
when
100%
where
100%
why
100%
with
100%
you
100%
your
100%
17
80%
all
80%
anything
80%
assumptions
80%
at
80%
be
80%
believe
80%
Betty
80%
breathe
80%
car
80%
'cause
80%
couldn't
80%
crowds
80%
dance
80%
dream
80%
favorite
80%
for
80%
from
80%
fuck
80%
garden
80%
gym
80%
hate
80%
have
80%
heard
80%
homeroom
80%
house
80%
if
80%
I'm
80%
Inez
80%
just
80%
lead
80%
love
80%
make
80%
miss
80%
most
80%
now
80%
of
80%
on
80%
one
80%
only
80%
or
80%
right
80%
rumors
80%
she
80%
showed
80%
skateboard
80%
song
80%
summer
80%
tell
80%
that
80%
thing
80%
this
80%
time
80%
times
80%
told
80%
true
80%
trust
80%
walking
80%
went
80%
won't
80%
word
80%
worst
80%
would
80%
again
60%
broken
60%
cobblestones
60%
doorstep
60%
dreamt
60%
drive
60%
ever
60%
face
60%
far
60%
friends
60%
is
60%
James
60%
kiss
60%
let's
60%
long
60%
myself
60%
next
60%
party
60%
passed
60%
playing
60%
plus
60%
riding
60%
said
60%
side
60%
slept
60%
stupid
60%
switched
60%
thinking
60%
will
60%
wrong
60%
cardigan
40%
days
40%
dreamed
40%
figment
40%
found
40%
front
40%
happens
40%
intentions
40%
into
40%
kissing
40%
last
40%
nights
40%
patch
40%
planned
40%
porch
40%
pulled
40%
see
40%
sinking
40%
standing
40%
streetlight
40%
those
40%
turned
40%
wanna
40%
wings
40%
yeah
40%
finally
20%
nowhere
20%
out
20%
stopped
20%
weeks
20%
here
0%
No matching quizzes found
Score Distribution
Percent of People with Each Score
Percentile by Number Answered
Your Score History
You have not taken this quiz since the last reset